The door in the wall, and other stories /

Bibliographic Details
Main Author: Wells, H. G. (Herbert George), 1866-1946
Other Authors: Coburn, Alvin Langdon, 1882-1966
Format: Book
Language:English
Published: Boston : D.R. Godine, 1980.

MARC

Tag First Indicator Second Indicator Subfields
LEADER 00000cam a2200000 a 4500
001 in00000072940
005 20151008055959.0
008 820127s1980 maua 00011 eng
010 |a  79092211  
020 |a 0879233265 :  |c $10.95 
020 |a 0879233273 (pbk.) 
035 |a (OCoLC)06676757 
035 |9 AAJ4872AM 
039 0 |a 2  |b 3  |c 3  |d 3  |e 3 
040 |a DLC  |c DLC  |d TXA  |d UtOrBLW 
049 |a TXAM  |c [1361980] 
050 0 0 |a PR5774  |b .D6 1980 
082 0 |a 823/.912  |2 19 
100 1 |a Wells, H. G.  |q (Herbert George),  |d 1866-1946. 
245 1 4 |a The door in the wall, and other stories /  |c by H.G. Wells ; with photographs by Alvin Langdon Coburn ; afterword by Jeffrey A. Wolin. 
264 1 |a Boston :  |b D.R. Godine,  |c 1980. 
300 |a 157 pages :  |b illustrations ;  |c 21 cm. 
336 |a text  |b txt  |2 rdacontent 
337 |a unmediated  |b n  |2 rdamedia 
338 |a volume  |b nc  |2 rdacarrier 
700 1 |a Coburn, Alvin Langdon,  |d 1882-1966. 
999 |a MARS 
999 f f |s b03b77a3-b9c3-304e-8342-1bc932a6ba38  |i 493ed031-f0fa-3ff8-9a63-45e2a30bd755  |t 0 
952 f f |p ric  |a Texas A&M University  |b Rellis Campus  |c Joint Library Facility  |d Remote Storage  |t 0  |e PR5774 .D6 1980  |h Library of Congress classification  |i unmediated -- volume  |m A14806186063 
998 f f |a PR5774 .D6 1980  |t 0  |l Remote Storage